| 000 | 00690cam a22002297a 4500 | ||
|---|---|---|---|
| 020 | _a0701819278 (set) | ||
| 020 | _a9780701819279 (set) | ||
| 020 | _a0701819251 (v. 1) | ||
| 020 | _a9780701819255 (v. 1) | ||
| 020 | _a070181926X (v. 2) | ||
| 020 | _a9780701819262 (v. 2) | ||
| 040 | _cORU | ||
| 082 | 0 | 4 | _a823 LAN 1985 A120 Or. |
| 082 | 0 | 4 | _aA821/.008 |
| 245 | 0 | 0 |
_aMy country ; _bAustralian poetry and short stories : two hundred years / |
| 260 |
_aSydney ; _aNew York : _bLansdowne Press, _c1985. |
||
| 300 |
_a2 v. : _bill., plates ; _c25 cm. |
||
| 650 | 0 | _aAustralian poetry. | |
| 650 | 0 | _aShort stories, Australian. | |
| 710 | 1 | _aKramer, Leonie Judith Gibson. | |
| 942 | _cEK | ||
| 999 |
_c16721 _d16721 |
||